000 00460nam a2200145 i 4500
001 46858
003 ES-MaACL
007 t|
008 030401s1945 sp ||||1| spa d
110 2 _aConsejo de Economía Nacional (España)
_9171209
245 1 3 _aLa renta nacional de España /
_cpor la Comisión de la Renta Nacional.
260 _aMadrid :
_b[s.n.],
_c1945 (
_fDiana Artes Gráficas)
300 _a2 v. ;
_c25 cm.
852 _aES-MaACL
_jE-3318-19
_bR.21638
999 _c46858
_d46858